Statistiques concernant Les répliques mythiques de footballeurs

Cliquez ici pour prendre le quiz!

Statistiques générales

  • Ce quiz a été pris 293 fois
  • Le résultat moyen est 8 sur 12

Statistiques - réponses

HintRéponse% Correct
"Muchas gracias afición esto es para vosotros. SUIIIIIIII"Cristiano Ronaldo
92%
"Mais j'espère que la routourne va vite tourner pour lui
et pour nous "
Frank Ribéry
90%
"Mais après je pense que pour parler de gestion sponsorique.
Le football il a changé."
Kylian Mbappé
90%
"Si une main a touché le ballon, c'était la main de Dieu. "Diego Maradona
81%
"Brésil ou pas...M'en bat les couilles"Claude Makélélé
75%
"¿Qué mirás bobo? ¿Qué mirás bobo? Andá para allá !"Lionel Messi
75%
"Je suis arrivé comme un roi, je pars comme une légende."Zlatan Ibrahimovic
75%
"Viry-Chatillon, Sucy-en-brie. Coup d'envoie: 2h. On gagne 6-0, je met les 6 buts."Thierry Henry
73%
" Le football est un jeu simple. 22 hommes courent après un ballon pendant 90 minutes et à la fin les ... gagnent. " Gary Lineker (Trouve le pays manquant)Allemands
60%
"Si j’avais eu le choix entre dribbler cinq joueurs puis marquer un but en pleine lucarne de 40 mètres à Anfield et me taper Miss Monde, j’aurais eu du mal à me décider. Par chance, les deux me sont arrivés."Georges Best
53%
"Je célèbre pas mes buts parce que c’est mon travail. T’as déjà vu un facteur sauter de joie quand il vient de livrer un colis ?"Mario Balotelli
44%
"Jouer au foot, c'est très simple, mais jouer un football simple est la chose la plus difficile qui soit."Johan Cruyff
41%

Distribution des résultats

Percentile par nombre de réponses

% des personnes avec chaque résultat

Votre développement - résultats

Vous n’avez pas pris ce quiz